Sistemas SCADA

Bewaard in:
Bibliografische gegevens
Hoofdauteur: Rodríguez Penin, Aquilino
Formaat: Onbekend
Taal:Engels
Gepubliceerd in: Ciudad de México Alfaomega 2013
Editie:Tercera edición
Onderwerpen:
Tags: Voeg label toe
Geen labels, Wees de eerste die dit record labelt!

MARC

LEADER 00000 a2200000 4500
003 CL-VaPUC
005 20240906111735.0
008 200114b ||||| |||| 00| 0 eng d
999 |c 376481  |d 376479 
020 |a 9786077074069 
040 |c Pontificia Universidad Católica de Valparaíso 
082 |a 629.89 ROD 2013 
100 |a Rodríguez Penin, Aquilino  |9 605687 
245 |a Sistemas SCADA 
250 |a Tercera edición 
260 |b Alfaomega  |c 2013  |a Ciudad de México 
583 |k Hugo Gaete  |c 20200114 
650 0 0 |a Control automático  |9 259890 
650 0 0 |a Medidas de seguridad  |9 264085 
650 0 0 |a SCADA  |9 605766 
942 |2 ddc  |c BK 
952 |0 0  |1 0  |2 ddc  |4 0  |6 629_890000000000000_ROD_2013  |7 0  |9 495927  |a BIBING  |b BIBING  |c GEN  |d 2020-01-09  |e 82  |g 21103.00  |i 5572304  |o 629.89 ROD 2013   |p 5572304  |r 2025-01-20  |t 1  |v 21103.00  |w 2020-01-09  |y BK  |k EIE 
952 |0 0  |1 0  |2 ddc  |4 0  |6 629_890000000000000_ROD_2013  |7 0  |8 A  |9 561734  |a BIBING  |b BIBING  |c GEN  |d 2020-03-20  |e 82  |g 21103.00  |i 557479K  |o 629.89 ROD 2013  |p 557479K  |r 2025-01-20  |t 3  |v 21103.00  |w 2020-03-20  |y BK  |k EIE 
952 |0 0  |1 0  |2 ddc  |4 0  |6 629_890000000000000_ROD_2013  |7 0  |8 A  |9 561735  |a BIBING  |b BIBING  |c GEN  |d 2020-03-20  |e 82  |g 21103.00  |i 5574781  |o 629.89 ROD 2013  |p 5574781  |r 2025-01-20  |t 2  |v 21103.00  |w 2020-03-20  |y BK  |k EIE 
952 |0 0  |1 0  |2 ddc  |4 0  |6 629_890000000000000_ROD_2013  |7 0  |8 A  |9 561736  |a BIBING  |b BIBING  |c GEN  |d 2020-03-20  |e 82  |g 21103.00  |i 5574803  |o 629.89 ROD 2013  |p 5574803  |r 2025-01-20  |t 4  |v 21103.00  |w 2020-03-20  |y BK  |k EIE